Pensee et langage

Αποθηκεύτηκε σε:
Λεπτομέρειες βιβλιογραφικής εγγραφής
Κύριος συγγραφέας: Vygotskii, L. S. (Lev Semenovich) 1896-1934
Άλλοι συγγραφείς: Seve, Francoise (Μεταφραστής)
Μορφή: Βιβλίο
Γλώσσα:French
Δημοσίευση: Parie : Le Dispute, 1997.
Έκδοση:3η εκδ.
Θέματα:
Ετικέτες: Προσθήκη ετικέτας
Δεν υπάρχουν, Καταχωρήστε ετικέτα πρώτοι!

MARC

LEADER 00000cam a2200000 i 4500
001 1/100921
008 000204s1997 fre d
020 |a 2-84303-004-8 
035 |l 10057472 
040 |a GR-MY-UA  |b gre  |e aacr 
041 0 |a fre 
082 0 |a 401.9 
100 1 |a Vygotskii, L. S.  |q (Lev Semenovich)  |d 1896-1934. 
245 1 0 |a Pensee et langage /  |c Lev Vygotski ; traduction de Francoise Seve suivi de commentaire sur les remarques critiques de Vygotski de Jean Piaget.  
250 |a 3η εκδ.  
260 |a Parie :   |b Le Dispute,   |c 1997.  
300 |a 536 σ.  
650 0 0 |a Psycholinguistics. 
650 0 0 |a Thought and thinking. 
650 0 0 |a Language acquisition. 
650 0 0 |a Child psychology. 
700 1 |a Seve, Francoise,  |e trl 
852 |a INST  |b RHODES  |e 20000204  |h 401.9 VYG  |p 005400015472  |q 005400015472  |t BK  |y 0 
901 |a BIBL4-2000-1 
909 |a Ρ  |b 053871 
922 |a 4ΕΛΗ  |b 199802  |c 13/ΧΑΤΖΗΝΙΚΗΤΑ  |d ΠΑΠΑΣΩΤΗΡΙΟΥ 
970 |a ΚΟΥΛΑΚΙΟΤΗ  |b ΛΙΤΣΑ  |z 2000/02/04